[Event "Tournament (Elo)"]
[Site "masterchessopen.com Kstovo (Russia)"]
[Date "2011.09.05"]
[Round "3"]
[White "Senin Sergey (RUS)"]
[Black "Pristalov Evgeny (RUS)"]
[Result "1-0"]
[WhiteElo "2161"]
[BlackElo "2086"]

1.d4 Nf6 2.g3 g6 3.Bg2 d5 4.c4 Bg7 5.cxd5 Nxd5 6.e4 Nb6 7.Ne2 O-O 8.O-O Nc6
9.d5 Ne5 10.Nbc3 Nec4 11.b3 Nd6 12.Bf4 e5 13.dxe6 fxe6 14.Qd2 e5 15.Bg5 Qe8
16.h3 Be6 17.Rac1 Qd7 18.Kh2 Rac8 19.Rcd1 Qf7 20.Qc1 a5 21.Be3 Nd7 22.f4 exf4
23.gxf4 {#r} 1-0

[Event "It (open)"]
[Site "masterchessopen.com Vasteras (Sweden)"]
[Date "2011.09.25"]
[Round "8"]
[White "Brynell Stellan (SWE)"]
[Black "Olofsson-Dolk Mattis (SWE)"]
[Result "1-0"]
[WhiteElo "2495"]
[BlackElo "1951"]

1.d4 Nf6 2.c4 g6 3.g3 Bg7 4.Bg2 d5 5.cxd5 Nxd5 6.e4 Nb6 7.Ne2 c5 8.d5 O-O
9.O-O e6 10.Nec3 Na6 11.a4 Nb4 12.Na3 exd5 13.exd5 Bf5 14.Be3 Rc8 15.a5 Nd7
16.d6 b6 17.axb6 axb6 18.Qd2 Ne5 19.Bg5 Qd7 20.Nab5 Nec6 21.Bh6 Nc2 22.Bxg7
Kxg7 23.Ra6 N2d4 24.Re1 Bh3 25.Rxb6 Bxg2 26.Kxg2 Rb8 27.Rxb8 Rxb8 28.Nxd4 Nxd4
29.Qf4 Qc6+ 30.Kh3 Qd7+ 31.Kg2 Qc6+ 32.Kh3 Qd7+ 33.g4 Ne6 34.Qe5+ Kg8 35.Nd5
Rb3+ 36.Re3 Rxe3+ 37.fxe3 {#r} 1-0

[Event "Ch Iceland (team) 2011/12"]
[Site "masterchessopen.com Reykjavik (Iceland)"]
[Date "2011.10.08"]
[Round "3"]
[White "Gislason Gudmundur (ISL)"]
[Black "Halldorsson Halldor (ISL)"]
[Result "1-0"]
[WhiteElo "2295"]
[BlackElo "2209"]

1.d4 Nf6 2.g3 g6 3.Bg2 d5 4.c4 Bg7 5.cxd5 Nxd5 6.e4 Nb6 7.Ne2 c5 8.d5 e6 9.O-O
Na6 10.Nbc3 exd5 11.exd5 O-O 12.Bf4 Bf5 13.d6 Qd7 14.Nd5 Nxd5 15.Qxd5 Rab8
16.Nc3 Bd4 17.a3 Be6 18.Qf3 f6 19.Rfe1 g5 20.Qe4 Bf7 21.Nd5 Kg7 22.Qe7 Rbd8
23.Nc7 gxf4 24.Ne6+ Kg8 25.Nxf8 Qxd6 26.Nxh7 Rd7 27.Qe4 f5 28.Qxf5 fxg3
29.hxg3 Bg6 30.Nf6+ Qxf6 31.Qxd7 Bxf2+ 32.Kh2 Qxb2 33.Qd8+ Kg7 34.Re7+ Bf7
35.Rf1 Qf6 36.Qd7 Qh6+ 37.Bh3 {#r} 1-0

[Event "Ch City"]
[Site "masterchessopen.com Satka (Russia)"]
[Date "2011.12.27"]
[Round "7"]
[White "Nasybullina Alfia"]
[Black "Baigildin Albert"]
[Result "1-0"]
[WhiteElo "1998"]
[BlackElo "2217"]

1.d4 Nf6 2.c4 g6 3.g3 Bg7 4.Bg2 d5 5.cxd5 Nxd5 6.e4 Nb6 7.Ne2 O-O 8.O-O Nc6
9.d5 Na5 10.Nbc3 c6 11.b3 cxd5 12.exd5 Bg4 13.Bb2 Rc8 14.Rc1 e6 15.f3 Bf5
16.g4 exd5 17.gxf5 d4 18.f6 Bh6 19.Ne4 Bxc1 20.Nxc1 Nc6 21.Qd2 Nd5 22.Qg5 Re8
23.Nd3 h6 24.Qh4 h5 25.Qg5 Kh7 26.Bc1 Ne3 27.Bh3 Qa5 28.Bxe3 dxe3 29.Qxa5 Nxa5
30.Bxc8 Rxc8 31.Re1 Rc2 32.Rxe3 g5 33.Nb4 Rc1+ 34.Kg2 Kg6 35.Rc3 Re1 36.Rc5
{#r} 1-0

[Event "It (open)"]
[Site "masterchessopen.com Moscow (Russia)"]
[Date "2012.01.28"]
[Round "1"]
[White "Bocharov Dmitry (RUS)"]
[Black "Sychev Klementy (RUS)"]
[Result "0-1"]
[WhiteElo "2611"]
[BlackElo "2362"]

1.d4 Nf6 2.c4 g6 3.g3 Bg7 4.Bg2 d5 5.cxd5 Nxd5 6.e4 Nb6 7.Ne2 c5 8.d5 O-O
9.O-O e6 10.Nec3 exd5 11.exd5 Na6 12.Na3 Bf5 13.g4 Bd7 14.Bf4 Nb4 15.h3 c4
16.Qd2 Nd3 17.Bg5 Qc8 18.Be7 Re8 19.d6 Bc6 20.Ne4 Bxe4 21.Bxe4 Nxb2 22.Qe3 Qd7
23.Qf3 Rab8 24.Rac1 Rec8 25.Rfe1 Rc5 26.Re2 h5 27.Rce1 hxg4 28.hxg4 Nd3 29.Rd1
Ne5 30.Qf4 {#R} 0-1

[Event "It (open) \"]
[Site "masterchessopen.com Caleta (England)"]
[Date "2012.01.29"]
[Round "6"]
[White "Brunello Sabino (ITA)"]
[Black "Salem A R Saleh (UAE)"]
[Result "0-1"]
[WhiteElo "2581"]
[BlackElo "2505"]

1.d4 Nf6 2.c4 g6 3.g3 Bg7 4.Bg2 d5 5.cxd5 Nxd5 6.e4 Nb6 7.Ne2 c5 8.d5 O-O
9.O-O Na6 10.Nec3 e6 11.a4 exd5 12.exd5 Nc4 13.Na3 Ne5 14.h3 Nb4 15.Ne4 Ned3
16.Bg5 f6 17.Be3 Re8 18.Qb3 b6 19.Rfd1 Bf5 20.Rxd3 Bxe4 21.Rd2 Bxg2 22.Kxg2
Qd7 23.Nb5 Rad8 24.Bf4 g5 25.Bc7 Ra8 26.d6+ Kh8 27.Nc3 Re5 28.Nd5 f5 29.Nxb4
cxb4 30.Rc1 g4 31.hxg4 fxg4 32.Qc2 Rc5 33.Qe4 Re8 34.Qxe8+ Qxe8 35.Rxc5 bxc5
36.d7 Qe4+ 37.Kf1 Bf6 38.d8=Q+ Bxd8 39.Bxd8 Kg8 40.Bg5 c4 41.Be3 c3 42.bxc3 b3
43.Rd8+ Kf7 44.Rb8 Qb1+ 45.Kg2 b2 {#R} 0-1

[Event "Ch Poland"]
[Site "masterchessopen.com Warsaw (Poland)"]
[Date "2012.02.18"]
[Round "1"]
[White "Kempinski Robert (POL)"]
[Black "Kolosowski Mateusz (POL)"]
[Result "0-1"]
[WhiteElo "2610"]
[BlackElo "2439"]

1.d4 Nf6 2.c4 g6 3.g3 Bg7 4.Bg2 d5 5.cxd5 Nxd5 6.e4 Nb6 7.Ne2 O-O 8.Nbc3 Nc6
9.d5 Na5 10.b3 c6 11.Ba3 cxd5 12.exd5 Bg4 13.Rc1 Rc8 14.f3 Bf5 15.O-O h5
16.Kh1 Na8 17.Qd2 Nc6 18.f4 a5 19.Na4 Nb4 20.Bxb4 axb4 21.Qxb4 Nc7 22.Qxb7 Bd3
23.Rfe1 Ba6 24.Qa7 Bxe2 25.Rxe2 Nxd5 26.Rxc8 Qxc8 27.Bxd5 Rd8 28.Bf3 Rd1+
29.Kg2 Bd4 30.Qxd4 Rxd4 31.Nb6 Qc1 32.Nc4 Rd1 33.Rxe7 Rg1+ 34.Kf2 Rf1+ 35.Kg2
Rg1+ 36.Kf2 Qf1+ 37.Ke3 Qe1+ 38.Be2 Rg2 39.Kd3 Rxh2 40.a4 Qxg3+ 41.Re3 Qxf4
42.a5 Qf5+ 43.Kd2 Qb1 44.Kc3 h4 45.Bd3 Qc1+ 46.Kb4 Ra2 47.Be4 h3 48.Bd5 h2
49.Rh3 Qf1 {#R} 0-1

[Event "It (open)"]
[Site "masterchessopen.com Cappelle la Grande (France)"]
[Date "2012.03.06"]
[Round "5"]
[White "Maiorov Nikita (BLR)"]
[Black "Szylar Eric (FRA)"]
[Result "1-0"]
[WhiteElo "2564"]
[BlackElo "2063"]

1.d4 Nf6 2.c4 g6 3.g3 Bg7 4.Bg2 d5 5.cxd5 Nxd5 6.e4 Nb6 7.Ne2 O-O 8.O-O c5
9.dxc5 Qxd1 10.Rxd1 Na4 11.Nbc3 Nxc5 12.Be3 Nca6 13.f4 e5 14.f5 Nc6 15.g4 b6
16.Nd5 Nab4 17.Nc7 Nc2 18.Nxa8 Nxe3 19.Rdc1 Bb7 20.Nc7 Nxg4 21.Nd5 Kh8 22.h3
Nf6 23.Rf1 Nxd5 24.exd5 Nb4 25.Nc3 Nc2 26.Rab1 Ne3 27.f6 Bh6 28.Rfe1 Rd8
29.Bh1 Bf4 30.Kf2 Nc2 31.Red1 Rd6 {#r} 1-0

[Event "Ch UrFO (open)"]
[Site "masterchessopen.com Satka (Russia)"]
[Date "2012.03.24"]
[Round "1"]
[White "Looshnikov Nikolai (RUS)"]
[Black "Postnikov Daniil (RUS)"]
[Result "1-0"]
[WhiteElo "2497"]
[BlackElo "2141"]

1.c4 g6 2.d4 Nf6 3.g3 Bg7 4.Bg2 d5 5.cxd5 Nxd5 6.e4 Nb6 7.Ne2 c5 8.d5 e6 9.O-O
O-O 10.Nbc3 exd5 11.exd5 Na6 12.h3 Bf5 13.g4 Bc8 14.Bf4 Nc4 15.Qb3 Na5 16.Qd1
Nc4 17.b3 Ne5 18.Bg3 f5 19.g5 Nf7 20.h4 Nd6 21.Rc1 Nc7 22.Nf4 b6 23.Re1 Bb7
24.Ne6 Nxe6 25.dxe6 Ne4 26.Nxe4 fxe4 27.Bxe4 Bxe4 28.Rxe4 Qxd1+ 29.Rxd1 Rad8
30.Rd7 a6 31.Bc7 Rde8 32.Bxb6 Bd4 33.Rf7 Rc8 34.Rxf8+ Kxf8 35.Bd8 Ke8 36.Bf6
Rc6 37.Kg2 Rd6 38.Kf3 Rd5 39.Ke2 Rf5 40.Bxd4 cxd4 41.Rxd4 Ke7 42.Rd7+ Kxe6
43.Rxh7 Ra5 44.a4 Re5+ 45.Kf3 Rc5 46.Rb7 Kf5 47.Rf7+ Ke5 48.Rf6 a5 49.Rxg6
Rc3+ 50.Kg4 Rxb3 {#r} 1-0

[Event "Match \"]
[Site "masterchessopen.com New Delhi (India)"]
[Date "2012.04.04"]
[Round "6"]
[White "Adhiban B (IND)"]
[Black "Baron Tal (ISR)"]
[Result "1-0"]
[WhiteElo "2561"]
[BlackElo "2498"]

1.d4 Nf6 2.c4 g6 3.g3 d5 4.cxd5 Nxd5 5.Bg2 Bg7 6.e4 Nb6 7.Ne2 c5 8.d5 O-O
9.O-O e6 10.Nec3 Na6 11.a4 exd5 12.exd5 Nb4 13.Na3 Bf5 14.Be3 Rc8 15.d6 Bd3
16.Re1 Qd7 17.Rc1 Rfd8 18.a5 Na8 19.Bg5 Re8 20.Rxe8+ Rxe8 21.Qa4 Nc6 22.Rd1
Qxd6 23.Ne4 Qd7 24.Nxc5 Qf5 25.Be3 Be2 26.Rd5 Qc8 27.Rd2 Qg4 28.Qxg4 Bxg4
29.a6 Nb6 30.axb7 Nb8 31.h3 Bf5 32.g4 Be6 33.Nxe6 fxe6 34.Rc2 Bc3 {#r} 1-0

[Event "Ch Valencia (juniors) (under 18)"]
[Site "masterchessopen.com Valencia (Spain)"]
[Date "2012.04.11"]
[Round "1"]
[White "Romero Calduch Sergio"]
[Black "Hernandez Torralba Sergio"]
[Result "1-0"]
[WhiteElo "1948"]
[BlackElo "1633"]

1.d4 Nf6 2.c4 g6 3.g3 d5 4.cxd5 Nxd5 5.e4 Nb6 6.Bg2 Bg7 7.Ne2 O-O 8.O-O Na6
9.a4 c5 10.a5 Nd7 11.f4 cxd4 12.Nxd4 Ndc5 13.e5 Nb4 14.Be3 Nd5 15.Bf2 Ne6
16.Nb5 Nec7 17.Nxc7 Nxc7 18.a6 bxa6 19.Bxa8 Nxa8 20.Qxd8 Rxd8 21.Bxa7 Bb7
22.Bc5 Bf8 23.b4 e6 24.Ra2 Bxc5+ 25.bxc5 Nc7 26.c6 Bxc6 27.Rc2 Bb5 28.Rfc1 Nd5
29.Rc8 Rxc8 30.Rxc8+ Kg7 31.Nc3 Nxc3 32.Rxc3 Kf8 33.g4 h6 34.Kf2 Kg7 35.h4 h5
36.g5 Kf8 37.Rc7 Ke8 38.Ke3 Kf8 39.Kd4 Be8 40.Ra7 Bb5 41.Kc5 Be8 42.Rxa6 Ke7
43.Ra7+ Bd7 44.Rb7 Ke8 45.Kd6 Bc8 46.Rb8 Kd8 47.Ra8 {#r} 1-0

[Event "Ch St. Petersburg"]
[Site "masterchessopen.com St. Petersburg (Russia)"]
[Date "2012.05.13"]
[Round "9"]
[White "Martynov Pavel (RUS)"]
[Black "Yevseev Denis (RUS)"]
[Result "0-1"]
[WhiteElo "2278"]
[BlackElo "2529"]

1.d4 Nf6 2.c4 g6 3.g3 Bg7 4.Bg2 d5 5.cxd5 Nxd5 6.e4 Nb6 7.Ne2 O-O 8.O-O c5
9.d5 e6 10.Nbc3 exd5 11.exd5 Na6 12.Nf4 Nc4 13.Re1 Nd6 14.g4 Re8 15.h3 Bd7
16.Rxe8+ Bxe8 17.Qe2 Rc8 18.Ne4 Bb5 19.Qe1 Nxe4 20.Bxe4 c4 21.a4 Bd7 22.Qe2
Nc5 23.Qxc4 Bxa4 24.Be3 b5 25.Qb4 a5 26.Qxc5 Rxc5 27.Bxc5 Bxb2 28.Rb1 Be5
29.Nd3 Bd6 30.Rc1 b4 31.Bxd6 Qxd6 32.Nc5 Bb5 33.Bg2 Kg7 34.g5 Qf4 35.Rd1 Be2
36.d6 Bxd1 37.d7 Qxg5 {#R} 0-1

[Event "Memorial Adolf Anderssen (preliminary)"]
[Site "masterchessopen.com Wroclaw (Poland)"]
[Date "2012.06.30"]
[Round "9"]
[White "Dobrowolski Piotr (POL)"]
[Black "Ulanowski Karol (POL)"]
[Result "1-0"]
[WhiteElo "2426"]
[BlackElo "1960"]

1.d4 Nf6 2.g3 g6 3.Bg2 d5 4.c4 Bg7 5.cxd5 Nxd5 6.e4 Nb6 7.Ne2 e5 8.d5 O-O
9.O-O Nc4 10.Nbc3 c6 11.b3 Nd6 12.Ba3 Qc7 13.dxc6 Rd8 14.Nd5 Qa5 15.c7 Rd7
16.cxb8=Q Rxb8 17.Bxd6 Ra8 18.Bb4 Qd8 19.Qc2 a5 20.Bc5 Ra6 21.Bb6 Qf8 22.Rac1
Ra8 23.Rfd1 Qd6 24.Qxc8+ Rxc8 25.Rxc8+ Bf8 26.Bc5 Qe6 27.Nf6+ Qxf6 28.Rxf8+
Kg7 29.Rxd7 Qa6 30.Rfxf7+ Kh6 31.Rxh7+ {#r} 1-0

[Event "Ch Slovakia (open)"]
[Site "masterchessopen.com Banska Stiavnica (Slovakia)"]
[Date "2012.07.07"]
[Round "1"]
[White "Kimerling Martin (SVK)"]
[Black "Pacher Milan (SVK)"]
[Result "0-1"]
[WhiteElo "2072"]
[BlackElo "2437"]

1.d4 Nf6 2.c4 g6 3.g3 Bg7 4.Bg2 d5 5.cxd5 Nxd5 6.e4 Nb6 7.Ne2 c5 8.d5 e6 9.O-O
exd5 10.exd5 O-O 11.Nbc3 Na6 12.b3 Bg4 13.Bb2 Qd7 14.Qd2 Bh3 15.Rad1 Bxg2
16.Kxg2 Rfd8 17.a3 c4 18.b4 Nc7 19.d6 Ne8 20.Ne4 f5 21.Bxg7 Qxg7 22.Nc5 Rxd6
23.Qf4 Rxd1 24.Rxd1 Nc7 25.Nd4 Re8 26.Qd6 Nc8 27.Nde6 Nxe6 28.Nxe6 Nxd6
29.Nxg7 Kxg7 30.Rxd6 Rc8 31.Rd1 Kf6 32.Kf3 b5 33.h4 Rc6 34.Rc1 Ke5 35.Ke3 Rd6
36.Rc3 a6 {#R} 0-1

[Event "Tournament (Elo)"]
[Site "masterchessopen.com Satka (Russia)"]
[Date "2012.07.10"]
[Round "9"]
[White "Ivanov Stepan"]
[Black "Gabaidulina Olga"]
[Result "1-0"]
[WhiteElo "2018"]
[BlackElo "1927"]

1.d4 Nf6 2.c4 g6 3.g3 Bg7 4.Bg2 d5 5.cxd5 Nxd5 6.e4 Nb6 7.Ne2 c5 8.d5 e6 9.O-O
O-O 10.Nbc3 Na6 11.b3 exd5 12.exd5 Nb4 13.Be3 Na6 14.Rc1 Bg4 15.h3 Bf5 16.g4
Bd7 17.Ne4 Bb5 18.Nxc5 Nxd5 19.Bxd5 Bxe2 20.Qxe2 Qxd5 21.Rfd1 Qc6 22.Nxa6 Qxa6
23.Qxa6 bxa6 24.Rd6 Rfd8 25.Rxa6 Rd7 26.Rc4 {#r} 1-0

[Event "Ch Turkey (team)"]
[Site "masterchessopen.com Konya (Turkey)"]
[Date "2012.07.21"]
[Round "12"]
[White "Kasimdzhanov Rustam (UZB)"]
[Black "Odeev Handszar (TKM)"]
[Result "1-0"]
[WhiteElo "2690"]
[BlackElo "2382"]

1.d4 Nf6 2.c4 g6 3.g3 Bg7 4.Bg2 d5 5.cxd5 Nxd5 6.e4 Nb6 7.Ne2 c5 8.d5 e6 9.O-O
O-O 10.Nec3 exd5 11.exd5 Na6 12.Nd2 Bf5 13.Nde4 Qd7 14.Bg5 Bxe4 15.Nxe4 f5
16.Nc3 h6 17.Bc1 Rad8 18.a4 Rfe8 19.d6 Qxd6 20.Qxd6 Rxd6 21.Bxb7 Nb4 22.a5 Nc4
23.Nb5 Rd7 24.a6 Nd6 25.Rd1 Red8 26.Rxd6 Rxd6 27.Nxd6 Rxd6 28.Be3 Bd4 29.Bf4
Rb6 30.Bc7 Rb5 31.Rd1 Kf7 32.b3 Ke6 33.Bc8+ Kf7 34.Bd7 Nxa6 35.Bxb5 Nxc7
36.Bc4+ Ke7 37.Re1+ Kf6 38.Kf1 g5 39.Re2 a5 40.Ra2 Bc3 41.Ke2 Bb4 42.Kd3 Be1
43.Re2 Bb4 44.f4 Ba3 45.Kc2 Bb4 46.Kb2 {#r} 1-0

[Event "Memorial Sukharev (open)"]
[Site "masterchessopen.com Novosibirsk (Russia)"]
[Date "2012.07.26"]
[Round "9"]
[White "Beletsky Alexey (RUS)"]
[Black "Lugovin Andrey"]
[Result "1-0"]
[WhiteElo "2274"]
[BlackElo "1995"]

1.d4 Nf6 2.c4 g6 3.g3 Bg7 4.Bg2 d5 5.cxd5 Nxd5 6.e4 Nb6 7.Ne2 O-O 8.Nbc3 e5
9.d5 c6 10.O-O cxd5 11.exd5 N8d7 12.b3 f5 13.Ba3 Re8 14.Nb5 Bf8 15.Bxf8 Rxf8
16.Rc1 Nf6 17.d6 e4 18.Nc7 Rb8 19.Qd4 Ne8 20.Nxe8 Qxe8 21.f3 exf3 22.Bxf3 Qf7
23.Rc7 Qf6 24.Qxf6 Rxf6 25.Rd1 Rf7 26.Nf4 Kf8 27.h4 a5 28.a4 Ra8 29.Rxf7+ Kxf7
30.Re1 Nd7 31.Re7+ Kg8 32.Bd5+ Kh8 33.Be6 Nc5 34.Re8+ Kg7 35.Bxc8 {#r} 1-0

[Event "It (open)"]
[Site "masterchessopen.com Vienna (Austria)"]
[Date "2012.08.17"]
[Round "5"]
[White "Chernukhin Alexander (RUS)"]
[Black "Liedl Wolfgang (AUT)"]
[Result "1-0"]
[WhiteElo "1991"]
[BlackElo "2255"]

1.d4 Nf6 2.c4 g6 3.g3 Bg7 4.Bg2 d5 5.cxd5 Nxd5 6.e4 Nb6 7.Ne2 O-O 8.O-O Nc6
9.d5 Na5 10.Nec3 Nac4 11.Nd2 c6 12.Nxc4 Nxc4 13.Qb3 Ne5 14.h3 cxd5 15.Nxd5 e6
16.Nc3 Nd3 17.Be3 Qa5 18.f4 Nxb2 19.e5 Nd3 20.Ne4 Nb4 21.Bc5 Nd5 22.Bxf8 Bxf8
23.Kh2 Rb8 24.Rfd1 Bd7 25.Rxd5 {#r} 1-0

[Event "It (open)"]
[Site "masterchessopen.com Trieste (Italy)"]
[Date "2012.09.01"]
[Round "1"]
[White "Leroy Didier (FRA)"]
[Black "Vesce Emanuele (ITA)"]
[Result "1-0"]
[WhiteElo "2285"]
[BlackElo "1872"]

1.d4 Nf6 2.c4 g6 3.g3 Bg7 4.Bg2 d5 5.cxd5 Nxd5 6.e4 Nb6 7.Ne2 c5 8.d5 e6
9.Nbc3 exd5 10.exd5 O-O 11.O-O N8d7 12.h3 Ne5 13.f4 Nec4 14.b3 Nd6 15.Be3 Nd7
16.Qd2 Re8 17.Rad1 b5 18.Rfe1 b4 19.Na4 c4 20.Qxb4 Rxe3 21.Qxd6 Qe8 22.Kf2 Nb6
23.Nec3 Bf8 24.Rxe3 Qxe3+ 25.Kxe3 Bxd6 26.Ne4 Bb4 27.d6 Nd7 {#r} 1-0

[Event "Olympiad (under 16)"]
[Site "masterchessopen.com Istanbul (Turkey)"]
[Date "2012.09.03"]
[Round "8"]
[White "Sanzhaev Darsen (RUS)"]
[Black "Chen Peng Yu (AUS)"]
[Result "1-0"]
[WhiteElo "2329"]
[BlackElo "2129"]

1.d4 Nf6 2.c4 g6 3.g3 Bg7 4.Bg2 d5 5.cxd5 Nxd5 6.e4 Nb6 7.Ne2 c5 8.d5 O-O
9.O-O e6 10.Nec3 Na6 11.a4 Nb4 12.Be3 Bd4 13.Na3 Bxe3 14.fxe3 Bd7 15.a5 Nc8
16.Nc4 b5 17.axb6 Nxb6 18.Ne5 f6 19.Nxd7 Qxd7 20.Bh3 f5 21.dxe6 Qxe6 22.Qe2
Qc4 23.Qg2 Qd3 24.exf5 gxf5 25.Rf3 Rae8 26.Rd1 Qa6 27.Rxf5 Rxf5 28.Bxf5 Rxe3
29.Qh3 Qb7 30.Rd8+ {#r} 1-0

[Event "Olympiad"]
[Site "masterchessopen.com Istanbul (Turkey)"]
[Date "2012.09.05"]
[Round "8"]
[White "Johannes Manyedi Mabusela (RSA)"]
[Black "Barrientos Sergio (COL)"]
[Result "0-1"]
[WhiteElo "2306"]
[BlackElo "2500"]

1.d4 Nf6 2.c4 g6 3.g3 Bg7 4.Bg2 d5 5.cxd5 Nxd5 6.e4 Nb6 7.Ne2 O-O 8.O-O Na6
9.Nbc3 c5 10.d5 e6 11.Bf4 exd5 12.exd5 Bg4 13.h3 Bd7 14.b3 c4 15.Kh2 Rc8
16.Rc1 Re8 17.Nd4 Nb4 18.bxc4 Rxc4 19.Be3 Qc8 20.Ncb5 Rxc1 21.Qxc1 N4xd5
22.Qxc8 Rxc8 23.Nd6 Rc3 24.Re1 Rd3 25.Bf1 Ra3 26.Nxb7 Nxe3 27.fxe3 Rxa2+
28.Kg1 Ra3 29.Kf2 Nd5 30.Nc5 Nxe3 31.Nf3 Nc2 32.Nxd7 Nxe1 33.Nxe1 Bd4+ 34.Ke2
Re3+ 35.Kd2 Rxg3 36.Nc2 Bb2 37.Nc5 a5 38.Ne4 Rf3 39.Ba6 Rf5 {#R} 0-1

[Event "Ch Romania (team) (juniors) (under 12)"]
[Site "masterchessopen.com Mamaia (Romania)"]
[Date "2012.09.09"]
[Round "7"]
[White "Calin Alexandr (MDA)"]
[Black "Talu Mircea"]
[Result "1-0"]
[WhiteElo "1720"]
[BlackElo "1670"]

1.d4 Nf6 2.c4 g6 3.g3 d5 4.Bg2 Bg7 5.cxd5 Nxd5 6.e4 Nb6 7.Ne2 O-O 8.O-O e6
9.Nbc3 Nc6 10.Be3 Nc4 11.b3 Nxe3 12.fxe3 Ne7 13.Na4 e5 14.Rc1 c6 15.Qd3 Bg4
16.Nac3 f5 17.d5 cxd5 18.Nxd5 Nxd5 19.exd5 e4 20.Qd2 Bxe2 21.Qxe2 Qxd5 22.Rfd1
Qf7 23.Rc5 Rac8 24.Rcd5 Rc1 25.Qd2 Rxd1+ 26.Qxd1 Qc7 27.Bf1 Qb6 28.Kf2 Bh6
29.Qd4 Qxd4 30.Rxd4 Rb8 31.a4 Bg7 32.Bc4+ Kf8 33.Rd7 a6 34.Rf7+ Ke8 35.Rxg7
{#r} 1-0

[Event "It (open) \"]
[Site "masterchessopen.com Berlin (Germany)"]
[Date "2012.09.30"]
[Round "2"]
[White "Jaeger Andre (GER)"]
[Black "Colpe Malte (GER)"]
[Result "0-1"]
[WhiteElo "2018"]
[BlackElo "2349"]

1.d4 Nf6 2.c4 g6 3.g3 Bg7 4.Bg2 d5 5.cxd5 Nxd5 6.e4 Nb6 7.Ne2 c5 8.d5 O-O
9.O-O e6 10.Nbc3 exd5 11.exd5 Bf5 12.Be3 Na6 13.b3 Qd7 14.Qd2 Bh3 15.Bxh3 Qxh3
16.Rac1 Rad8 17.Rfd1 Rd7 18.Nf4 Qf5 19.Nb5 Rfd8 20.d6 Bf8 21.Qa5 Nc8 22.Rd5
Qe4 23.Rcd1 Nxd6 24.Nh5 gxh5 25.Rg5+ Bg7 26.Nxd6 Qf3 27.Rd3 Qf6 28.Ne4 Qa1+
29.Kg2 Rxd3 {#R} 0-1

[Event "Ch China (team)"]
[Site "masterchessopen.com Hangzhou (China)"]
[Date "2012.10.07"]
[Round "16"]
[White "Gunina Valentina (RUS)"]
[Black "Qiu Mengjie (CHN)"]
[Result "1-0"]
[WhiteElo "2514"]
[BlackElo "2065"]

1.d4 Nf6 2.c4 g6 3.g3 Bg7 4.Bg2 d5 5.cxd5 Nxd5 6.e4 Nb6 7.Ne2 O-O 8.O-O Nc6
9.d5 Na5 10.Nbc3 c6 11.b3 Bg4 12.Bd2 cxd5 13.exd5 e6 14.dxe6 Bxe6 15.Ne4 Nc6
16.Rc1 Qe7 17.Bg5 f6 18.Be3 Rfd8 19.Qc2 Rac8 20.Qc5 Bd5 21.Qxe7 Nxe7 22.Bc5
Bxe4 23.Bxe4 Ned5 24.Bxb6 Nxb6 25.Rxc8 Rxc8 26.Nf4 Rc7 27.Rd1 Kf7 28.Rd8 Nd7
29.Kg2 Nc5 30.Bd5+ Ke7 31.Ra8 Kd6 32.Bg8 b6 33.b4 Ne4 34.Rd8+ Ke5 35.Nd5 {#r}
1-0

[Event "Ch India"]
[Site "masterchessopen.com Kolkata (India)"]
[Date "2012.10.11"]
[Round "10"]
[White "Suvrajit Saha (IND)"]
[Black "Rajesh V A V (IND)"]
[Result "1-0"]
[WhiteElo "2362"]
[BlackElo "2395"]

1.d4 Nf6 2.c4 g6 3.g3 d5 4.Bg2 Bg7 5.cxd5 Nxd5 6.e4 Nb6 7.Ne2 c5 8.d5 O-O
9.Nbc3 e6 10.O-O exd5 11.exd5 Bf5 12.h3 Na6 13.g4 Bd7 14.Bf4 Rc8 15.Rc1 c4
16.Qd2 Nc5 17.Bh6 Re8 18.Bxg7 Kxg7 19.Ng3 Nd3 20.Rc2 Qf6 21.Nge4 Qe5 22.f4
Qd4+ 23.Kh2 Rxe4 24.Bxe4 Na4 25.Bxd3 cxd3 26.Rcc1 Nc5 27.Rce1 b5 28.f5 b4
29.f6+ Kh8 30.Qh6 Rg8 31.Re7 Ne6 32.dxe6 bxc3 33.exf7 Qd6+ 34.Rf4 {#r} 1-0

[Event "Tournament (Elo) (a)"]
[Site "masterchessopen.com Budapest (Hungary)"]
[Date "2012.10.15"]
[Round "9"]
[White "Nasser Bader (KUW)"]
[Black "Darazs Zoltan (HUN)"]
[Result "1-0"]
[WhiteElo "2021"]
[BlackElo "2124"]

1.d4 Nf6 2.c4 g6 3.g3 Bg7 4.Bg2 d5 5.cxd5 Nxd5 6.e4 Nb6 7.Ne2 O-O 8.O-O e5
9.d5 c6 10.Nbc3 cxd5 11.exd5 f5 12.Qb3 Kh8 13.a4 Na6 14.a5 Nd7 15.Be3 Re8
16.f4 exf4 17.Bd4 fxg3 18.Bxg7+ Kxg7 19.hxg3 Ndc5 20.Qc4 Qg5 21.Rf4 Qe7 22.Kh2
Nd7 23.Rd1 Ne5 24.Qd4 Qc5 25.b4 Qxd4 26.Nxd4 Bd7 27.d6 Rab8 28.Nd5 Nc6 29.Nb5
g5 30.Rc4 Ne5 31.Rc7 Nxc7 32.Nbxc7 Ng4+ 33.Kg1 Re5 34.Ne7 b6 35.a6 Re3 36.Nc6
Bxc6 37.Bxc6 Rxg3+ 38.Kh1 Nf2+ 39.Kh2 Rh3+ 40.Kg2 Nxd1 41.Kxh3 Kf6 42.Nb5 Nf2+
43.Kg2 Ne4 44.d7 Ke7 45.Nxa7 Nf6 46.Nc8+ Kd8 47.a7 Nxd7 48.Bxd7 {#r} 1-0